Statistics for Top 10 Fifa ranking for April 2017 (Mens ranking)

Click here to take the quiz!

General Stats

  • This quiz has been taken 26 times
  • The average score is 7 of 10

Answer Stats

ScoreCountries% Correct
1603Argentina
96%
1661Brazil
96%
1464Germany
96%
1294France
73%
1204Spain
73%
1403Chile
69%
1348Colombia
69%
1259Portugal
65%
1281Belgium
58%
1212Switzerland
31%

Score Distribution

Percentile by Number Answered

Percent of People with Each Score

Your Score History

You have not taken this quiz